Phoenix Suns 2000's Starters - Statistics

General Stats
  • This quiz has been taken 291 times
    252 since last reset
  • The average score is 9 of 21
Answer Stats
Player Starts % Correct
Steve Nash 5
100%
Amar'e Stoudemire 6
95%
Shawn Marion 8
86%
Joe Johnson 3
70%
Jason Kidd 2
66%
Shaquille O'Neal 1
59%
Jason Richardson 1
48%
Quentin Richardson 1
48%
Grant Hill 2
46%
Stephon Marbury 2
44%
Raja Bell 3
38%
Leandro Barbosa 1
36%
Boris Diaw 2
31%
Penny Hardaway 3
27%
Kurt Thomas 1
17%
Clifford Robinson 2
16%
Tom Gugliotta 2
10%
Luc Longley 1
7%
Jake Tsakalidis 2
6%
Jake Voskuhl 1
4%
Mario Elie 1
4%
No matching quizzes found
Score Distribution
Percent of People with Each Score
Percentile by Number Answered
Your Score History
You have not taken this quiz since the last reset